| 000 | 00559nam a22001817a 4500 | ||
|---|---|---|---|
| 003 | CEME | ||
| 005 | 20210628203347.0 | ||
| 008 | 210115b xxu||||| |||| 00| 0 eng d | ||
| 020 | _a0-7923-7206-9 | ||
| 040 | _cceme | ||
| 082 | _a621.362 INF | ||
| 100 |
_aCapper, Peter, Elliott, C.T _964974 |
||
| 245 | _aInfrared detectors and emitters, materials and devices | ||
| 260 |
_aBOSTON _bKULWER ACADEMIC PRESS _c2001 |
||
| 300 | _aXXIX,478P | ||
| 650 |
_aINFRARED DETECTORS-MATERIALS INFRARED EQUIPMENT-MATERIALS.INFRARED EMITTERS _964975 |
||
| 942 |
_cBK _2ddc |
||
| 999 |
_c573314 _d573314 |
||